| 000 | 00552nam a2200193Ia 4500 | ||
|---|---|---|---|
| 005 | 20221214141432.0 | ||
| 008 | 131103s9999 xx 000 0 und d | ||
| 040 | _aLoreto College | ||
| 041 | _aEnglish | ||
| 082 |
_a813.09 _bCOO |
||
| 245 |
_aModern black novelists _b a collection of critical essays _cedited by M.G.Cooke |
||
| 260 |
_aNew Jersey _bPrentice - Hall _cc 1967 |
||
| 300 | _aiv,219 p. | ||
| 504 | _aIncludes bibliographical references | ||
| 650 | _aAmerican Fictions | ||
| 700 | _aCooke,M.G.,ed. | ||
| 850 | _aLCLIB | ||
| 942 | _cBK | ||
| 999 |
_c11800 _d62279 |
||